| 000 | 00849cab a2200241 4500 | ||
|---|---|---|---|
| 001 | ABS56672 | ||
| 008 | 090401t1996 xxu||||| |||| 00| 0 eng d | ||
| 035 | _a(Sirsi) u77157 | ||
| 041 | _aeng | ||
| 100 | _aStungo, N. | ||
| 245 | _aSpace : the final front room | ||
| 260 | _c1996 | ||
| 350 | _a0 | ||
| 490 |
_aRIBA Journal _v104(3) March 1996, 10-13(3) |
||
| 520 | _aDiscusses a new report by the National Housing Federation and the Joseph Rowntree Foundation which aims to reintroduce minimum standards for room size in houses and a series of criteria against which the quality of all housing can be tested. | ||
| 650 | _aHOUSING DESIGN | ||
| 650 | _aHOUSING QUALITY INDEX | ||
| 650 | _aHOUSING STANDARDS | ||
| 650 | _aMINIMUM SPACE STANDARDS | ||
| 690 | _aBUILT ENVIRONMENT-CONSTRUCTION DESIGN | ||
| 942 | _n0 | ||
| 948 | _c17/03/1997 | ||
| 999 |
_c48494 _d48494 |
||